| 000 | 00618nam a2200193 i 4500 | ||
|---|---|---|---|
| 001 | 141524 | ||
| 003 | ES-MaACL | ||
| 005 | 20230906200319.0 | ||
| 007 | t| | ||
| 008 | 070925s1968 sp ||||1| spa d | ||
| 100 | 1 |
_aVoisin, André. _9115680 |
|
| 245 | 1 | 3 |
_aLa vaca y la hierba / _cAndré Voisin, A. Lecomte ; prólogo de R. E. Houdet ; [traducción por: Angel Falder Rivero]. |
| 260 |
_aMadrid : _bTecnos, _c[1968] |
||
| 300 |
_a127 p., 12 lám. ; _c21 cm. |
||
| 700 | 1 |
_aLecomte, A. _971102 |
|
| 700 | 1 |
_aHoudet, R. E. _964322 |
|
| 700 | 1 |
_aFalder Rivero, Angel. _948725 |
|
| 852 |
_aES-MaACL _jC-46925 _bR.68157 |
||
| 999 |
_c141524 _d141524 |
||